000 00665cam a22002172 4500
001 0000020622
005 20151217155229.0
008 110928s xx 000 0 eng d
020 _a0137059669 :
040 _aKABU
_cKABU
100 1 _aDeitel, H. M.
_@0000154449
245 1 0 _aC how to program /
_cH. M. Deitel, P. J. Deitel.
250 _a6th ed.
260 _aUpper Saddle River, NJ. :
_bPrentice-Hall,
_c2010.
300 _a998 p. +
_e1 CD-ROM.
650 0 _aC (Computer program language)
_@0000154432
700 1 _aDeitel, P. J.
_@0000154450
852 1 _9p6665 KES
908 _a110928
950 _@1
999 _c12157
_d12157